[Event "Tournoi Skype 032A"]
[Site "Skype"]
[Date "????.??.??"]
[Round "8.2"]
[White "Elias, Roberto"]
[Black "Mayor Martinez, Juan Jose"]
[Result "1/2-1/2"]
[WhiteElo "1821"]
[BlackElo "1802"]
[PlyCount "132"]

1. Nf3 d5 2. b3 c6 3. Bb2 Nd7 4. c4 e6 5. e3 Ngf6 6. Be2 Bd6 7. cxd5 cxd5 8. d4
O-O 9. Nc3 a6 10. O-O Qc7 11. Rc1 Qb8 12. Na4 b6 13. Ne5 b5 14. Nxd7 Nxd7 15.
Nc5 Qb6 16. b4 Bb8 17. f4 Qd6 18. a4 bxa4 19. Qxa4 Nb6 20. Qa2 Nd7 21. b5 Qb6
22. bxa6 Nxc5 23. dxc5 Qc6 24. Ra1 Ra7 25. Bd4 f6 26. Rfb1 e5 27. Rb6 Qc7 28.
Qxd5+ Kh8 29. fxe5 fxe5 30. Rxb8 exd4 31. Ra8 dxe3 32. Rxa7 Qxa7 33. Qd6 Re8
34. Bb5 Rg8 35. Re1 Qf7 36. Rxe3 Qa2 37. Qd3 Be6 38. Rxe6 Qxe6 39. Bc4 Qe1+ 40.
Qf1 Qe3+ 41. Kh1 Rd8 42. c6 Qc5 43. Bb5 h6 44. h3 Rb8 45. Qc4 Qb6 46. Qd5 Re8
47. Kh2 Qc7+ 48. g3 Re3 49. Qg2 Rb3 50. Bc4 Rc3 51. Bd5 Ra3 52. Bc4 Rc3 53. Bb5
Rb3 54. Be2 Rc3 55. Bf3 Qf7 56. Bd5 Qc7 57. Bf3 Ra3 58. Qe2 Qf7 59. Bh5 g6 60.
Qb2+ Kh7 61. Bxg6+ Kxg6 62. Qxa3 Qf2+ 63. Kh1 Qf1+ 64. Kh2 Qf2+ 65. Kh1 Qf1+
66. Kh2 Qf2+ 1/2-1/2

[Event "Tournoi Skype 032A"]
[Site "Skype"]
[Date "????.??.??"]
[Round "8.4"]
[White "Lovell, Stan"]
[Black "Calcino, Luis"]
[Result "0-1"]
[WhiteElo "1684"]
[BlackElo "1848"]
[PlyCount "38"]

1. d4 Nf6 2. Nc3 d5 3. Bf4 e6 4. e3 Bb4 5. Bd3 c5 6. Nf3 c4 7. Be2 Qa5 8. O-O
Bxc3 9. bxc3 Qxc3 10. h3 Nc6 11. a3 O-O 12. Ne5 Rd8 13. Nf3 Ne4 14. Re1 f6 15.
Qc1 e5 16. dxe5 fxe5 17. Bg5 Nxg5 18. Nxg5 h6 19. Ne6 Bxe6 0-1

[Event "Tournoi Skype 032A"]
[Site "Skype"]
[Date "????.??.??"]
[Round "8.5"]
[White "Rico Hernandez, Edgar"]
[Black "Pirola, Gabriele"]
[Result "0-1"]
[WhiteElo "1843"]
[BlackElo "1702"]
[PlyCount "98"]

1. d4 d5 2. c4 e6 3. Nc3 Nf6 4. Bg5 Be7 5. e3 c6 6. Nf3 h6 7. Bh4 dxc4 8. Bxc4
Nd5 9. Bxe7 Qxe7 10. Rc1 Nd7 11. O-O N7b6 12. Bd3 O-O 13. Ne5 Rd8 14. Bb1 Nd7
15. Qc2 Nf8 16. a3 Rb8 17. Rfe1 f6 18. Nf3 Nxc3 19. Qxc3 Bd7 20. Qa5 a6 21. Qb6
Be8 22. Qb3 Bf7 23. Qc3 Bg6 24. Ba2 Kh8 25. b4 Re8 26. h3 Be4 27. Nd2 Bd5 28.
Bb1 e5 29. e4 exd4 30. Qxd4 Bf7 31. Nf1 Rbd8 32. Qc3 Qe5 33. Qxe5 Rxe5 34. Red1
Ree8 35. Ne3 Bb3 36. Re1 Rd2 37. Rc3 Bf7 38. Rd3 Rd8 39. Rxd8 Rxd8 40. Bc2 Ne6
41. Nf5 Kg8 42. Rd1 Rxd1+ 43. Bxd1 c5 44. Nd6 cxb4 45. axb4 Nd8 46. Kf1 Be6 47.
Be2 b5 48. Bxb5 axb5 49. Nxb5 Bc4+ 0-1

[Event "Tournoi Skype 032A"]
[Site "Skype"]
[Date "????.??.??"]
[Round "8.7"]
[White "Chavero, Victor"]
[Black "Hahnewald, Uwe"]
[Result "1-0"]
[WhiteElo "1563"]
[BlackElo "1869"]
[PlyCount "29"]

1. d4 c5 2. d5 Nf6 3. Nc3 g6 4. e4 d6 5. Nf3 Bg7 6. h3 a6 7. a4 b6 8. Bd3 O-O
9. O-O Nbd7 10. Bd2 Ne8 11. Bc4 Ne5 12. Nxe5 dxe5 13. Qe2 Nd6 14. b3 Bd7 15.
Bxa6 1-0

[Event "Tournoi Skype 032A"]
[Site "Skype"]
[Date "????.??.??"]
[Round "8.8"]
[White "Khetre, Gaurav"]
[Black "Graham, Neil"]
[Result "1/2-1/2"]
[WhiteElo "1701"]
[BlackElo "1622"]
[PlyCount "43"]

1. e4 c5 2. f4 d6 3. Nf3 Nf6 4. Bb5+ Nc6 5. e5 dxe5 6. Nxe5 Bd7 7. Nxd7 Qxd7 8.
O-O e6 9. b3 Qd4+ 10. Kh1 Qxa1 11. Nc3 Nd5 12. Qf3 Rc8 13. Ba3 Qxf1+ 14. Qxf1
Nxc3 15. dxc3 a6 16. Bd3 Bd6 17. Qf2 Ne7 18. Qh4 f6 19. Qh5+ g6 20. Qf3 Rc7 21.
c4 Kf7 22. Bb2 1/2-1/2

[Event "Tournoi Skype 032A"]
[Site "Skype"]
[Date "????.??.??"]
[Round "8.9"]
[White "Engstrom, Olle"]
[Black "Deville, Olivier"]
[Result "0-1"]
[WhiteElo "1674"]
[BlackElo "1863"]
[PlyCount "46"]

1. e4 g6 2. d4 Bg7 3. c4 d6 4. h3 e5 5. Nf3 Nc6 6. Bg5 f6 7. Be3 exd4 8. Nxd4
Nge7 9. Nc3 O-O 10. Be2 f5 11. Nxc6 bxc6 12. Bd4 fxe4 13. Bxg7 Kxg7 14. Qd4+
Kg8 15. O-O-O Nf5 16. Qxe4 Bd7 17. Rd3 Qf6 18. Rhd1 Rab8 19. b3 Rbe8 20. Qf3
Qg5+ 21. Kb1 Ne3 22. Ne4 Rxe4 23. Qxe4 Nxd1 0-1

[Event "Tournoi Skype 032A"]
[Site "Skype"]
[Date "????.??.??"]
[Round "8.10"]
[White "Lambert, Pierre"]
[Black "Llabres, Sergio"]
[Result "1-0"]
[WhiteElo "1791"]
[BlackElo "1556"]
[PlyCount "95"]

1. e4 c6 2. d4 d5 3. Nc3 dxe4 4. Nxe4 Bf5 5. Ng3 Bg6 6. h4 h6 7. Nf3 e6 8. Bd3
Bxd3 9. Qxd3 Bd6 10. Qe2 Bxg3 11. fxg3 Nf6 12. Bd2 Qd6 13. Bf4 Qd5 14. Qe5 Nbd7
15. Qxd5 cxd5 16. Nd2 Nh5 17. Bd6 Rc8 18. O-O-O Rc6 19. Bf4 Nxf4 20. gxf4 Nf6
21. Rde1 O-O 22. Re2 Rfc8 23. c3 Ng4 24. Nf3 Ra6 25. Kb1 Nf6 26. Nd2 Rac6 27.
Rg1 Ng4 28. Nf3 b5 29. Ne5 Nxe5 30. fxe5 a5 31. Rf1 b4 32. cxb4 axb4 33. b3 Ra8
34. Rff2 Rc3 35. Rf3 Rac8 36. Rxc3 Rxc3 37. Rd2 Rg3 38. Kb2 Rg4 39. a4 bxa3+
40. Kxa3 Rxh4 41. b4 Rh1 42. Kb2 Kf8 43. b5 Ke8 44. b6 Kd8 45. Rc2 Rd1 46. b7
Rxd4 47. b8=Q+ Ke7 48. Rc7# 1-0

[Event "Tournoi Skype 032A"]
[Site "Skype"]
[Date "????.??.??"]
[Round "8.11"]
[White "Saponara, Jose Maria"]
[Black "Trivedi, Viral"]
[Result "1-0"]
[WhiteElo "1710"]
[BlackElo "1551"]
[PlyCount "41"]

1. e4 e6 2. d4 d5 3. e5 c5 4. Nf3 Nc6 5. Bd3 Bd7 6. O-O Qb6 7. Re1 cxd4 8. a3
a6 9. b4 Nge7 10. Bb2 Ng6 11. Nbd2 Ncxe5 12. Nxe5 Bd6 13. Nxd7 Kxd7 14. Bf1 Qc7
15. Nf3 Rac8 16. Bxd4 Qxc2 17. Qxc2 Rxc2 18. g3 f6 19. Bd3 Rcc8 20. Rac1 e5 21.
Bf5+ 1-0

[Event "Tournoi Skype 032A"]
[Site "Skype"]
[Date "????.??.??"]
[Round "8.13"]
[White "Morales Terreros, Jose Luis"]
[Black "Quispe, Alberto"]
[Result "1-0"]
[WhiteElo "1623"]
[BlackElo "1680"]
[PlyCount "69"]

1. e4 e6 2. d3 d5 3. Nd2 d4 4. g3 e5 5. Ngf3 Nc6 6. Bg2 Nf6 7. O-O Be7 8. Nh4
Nxe4 9. Nxe4 Bxh4 10. gxh4 Qxh4 11. Bg5 Qg4 12. Qxg4 Bxg4 13. h3 Be6 14. f4 h6
15. Bh4 f5 16. Nc5 Bc8 17. fxe5 g5 18. Bf2 Rg8 19. e6 g4 20. h4 f4 21. Bxc6+
bxc6 22. Bxd4 f3 23. Be5 Ke7 24. Bxc7 h5 25. Rae1 Rg6 26. Re5 Bxe6 27. Rxh5 Rc8
28. Rh7+ Bf7 29. Re1+ Kf6 30. Be5+ Ke7 31. Bc7+ Kf6 32. Be5+ Ke7 33. Bd4+ Kf8
34. Nd7+ Kg8 35. Rh8# 1-0

[Event "Tournoi Skype 032A"]
[Site "Skype"]
[Date "????.??.??"]
[Round "8.16"]
[White "Rodier, Marc"]
[Black "Sanchez Ruiz, Justo"]
[Result "1-0"]
[WhiteElo "1686"]
[BlackElo "1671"]
[PlyCount "105"]

1. e4 d5 2. exd5 Qxd5 3. Nf3 Nc6 4. h3 Nf6 5. d4 Bf5 6. Bd3 Bxd3 7. Qxd3 O-O-O
8. c3 h6 9. Be3 e6 10. Nbd2 Qh5 11. g4 Nxg4 12. O-O-O Nxe3 13. fxe3 Be7 14. Qe4
Qa5 15. Kb1 Qd5 16. Qc2 Qf5 17. e4 Qb5 18. Nb3 Na5 19. Nxa5 Qxa5 20. Ne5 f6 21.
Nf7 Rhf8 22. Nxd8 Rxd8 23. Qg2 Bf8 24. Qg6 Qb5 25. Qf7 Qd7 26. Qg6 Qb5 27. Rhg1
a5 28. Qf7 Qd7 29. Qxd7+ Rxd7 30. Rg6 Kd8 31. h4 Ke7 32. h5 Kf7 33. Kc2 b5 34.
b3 c6 35. a4 bxa4 36. bxa4 Rb7 37. Rb1 Rxb1 38. Kxb1 Ke7 39. Kc2 Kd6 40. Kd3 e5
41. Rg1 exd4 42. cxd4 Ke6 43. Rc1 Kd7 44. Kc4 Bb4 45. Rf1 Ke7 46. Rb1 Kf7 47.
Rxb4 axb4 48. a5 g5 49. hxg6+ Kxg6 50. a6 h5 51. a7 h4 52. a8=Q h3 53. Qa1 1-0

[Event "Tournoi Skype 032A"]
[Site "Skype"]
[Date "????.??.??"]
[Round "8.18"]
[White "Gadow, Martin"]
[Black "Grib, Johannes"]
[Result "1-0"]
[WhiteElo "1651"]
[BlackElo "1599"]
[PlyCount "47"]

1. d4 Nf6 2. Bf4 d6 3. e3 g6 4. Nd2 Bg7 5. Bd3 Nbd7 6. Ngf3 c6 7. O-O Nh5 8. c3
Nxf4 9. exf4 Nf6 10. Qc2 Nd5 11. f5 Nf4 12. fxg6 Nxd3 13. gxf7+ Kf8 14. Qxd3
Be6 15. Ng5 Bxf7 16. Nxf7 Kxf7 17. Qf5+ Bf6 18. Rfe1 Qc8 19. Qh5+ Kg7 20. Re3
Rg8 21. Ne4 Qd7 22. Nxf6 exf6 23. Rae1 Kh8 24. Re7 1-0

[Event "Tournoi Skype 032A"]
[Site "Skype"]
[Date "????.??.??"]
[Round "8.19"]
[White "Abdulrazzaq, Mohsen"]
[Black "Perrone, Gabriel Lorenzo"]
[Result "1/2-1/2"]
[WhiteElo "1585"]
[BlackElo "1629"]
[PlyCount "62"]

1. e4 c6 2. d4 d5 3. Nc3 dxe4 4. Nxe4 Bf5 5. Ng3 Bg6 6. f4 e6 7. Nf3 Nf6 8. Ne5
Be4 9. Nxe4 Nxe4 10. Nf3 Be7 11. Bd3 Nf6 12. f5 O-O 13. fxe6 fxe6 14. O-O Nbd7
15. Bc4 Nd5 16. Qe1 Rf6 17. Bg5 Rxf3 18. Qxe6+ Kh8 19. Rxf3 Bxg5 20. Bxd5 cxd5
21. Raf1 Bf6 22. Qxd5 Qc7 23. c3 Rd8 24. Qe4 Nf8 25. Qh4 Qe7 26. Rxf6 gxf6 27.
Qxf6+ Qxf6 28. Rxf6 Ng6 29. Rf7 Rb8 30. b4 a6 31. c4 b5 1/2-1/2

[Event "Tournoi Skype 032A"]
[Site "Skype"]
[Date "????.??.??"]
[Round "8.20"]
[White "Vaswani, Manohar"]
[Black "Carballo, Jorge"]
[Result "1/2-1/2"]
[WhiteElo "1447"]
[BlackElo "1620"]
[PlyCount "58"]

1. e4 e5 2. Nf3 Nc6 3. d4 exd4 4. Nxd4 d6 5. Nxc6 bxc6 6. Bc4 Be6 7. Bxe6 fxe6
8. Qh5+ g6 9. Qf3 e5 10. Be3 Be7 11. Nc3 Nf6 12. Bh6 Bf8 13. Bg5 Be7 14. Rd1
O-O 15. Bh6 Rf7 16. O-O Bf8 17. Bg5 Bg7 18. Rd3 h6 19. Bh4 g5 20. Bg3 Nd7 21.
Qg4 Nc5 22. Rf3 Rxf3 23. Qxf3 Qf8 24. Qxf8+ Rxf8 25. Rd1 Ne6 26. Rd3 Nd4 27.
Rd2 Rd8 28. Ne2 Nxe2+ 29. Rxe2 Re8 1/2-1/2

[Event "Tournoi Skype 032A"]
[Site "Skype"]
[Date "????.??.??"]
[Round "8.21"]
[White "Khabou, Taha"]
[Black "Lago Carballo, Maria Del Carmen"]
[Result "1/2-1/2"]
[WhiteElo "1615"]
[BlackElo "1604"]
[PlyCount "41"]

1. d4 d5 2. Bf4 Nf6 3. e3 a6 4. a4 c6 5. Bd3 Bg4 6. Nf3 e6 7. h3 Bxf3 8. Qxf3
Bd6 9. Nd2 Bxf4 10. Qxf4 Nbd7 11. Nf3 h6 12. O-O O-O 13. a5 Re8 14. g4 Qe7 15.
Ne5 Nxe5 16. dxe5 Nd7 17. e4 Nc5 18. Kg2 dxe4 19. Bxe4 Nxe4 20. Qxe4 Rad8 21.
Rad1 1/2-1/2

[Event "Tournoi Skype 032A"]
[Site "Skype"]
[Date "????.??.??"]
[Round "8.23"]
[White "Quiel, Aristoteles"]
[Black "De Nobrega, George"]
[Result "1/2-1/2"]
[WhiteElo "1596"]
[BlackElo "1572"]
[PlyCount "112"]

1. d4 Nf6 2. c4 d5 3. Nc3 Bf5 4. Nf3 Nc6 5. Bg5 e6 6. a3 Be7 7. e3 Ne4 8. Bxe7
Qxe7 9. cxd5 Nxc3 10. bxc3 exd5 11. Bd3 Bxd3 12. Qxd3 h6 13. O-O O-O 14. Rfe1
Rfe8 15. Rab1 Rab8 16. Rb5 Red8 17. e4 dxe4 18. Rxe4 Qxa3 19. Qc4 Qd6 20. Qa2
a6 21. Rf5 Qd7 22. Qa3 Qxf5 23. Re1 Re8 24. Rd1 Qc2 25. Rc1 Qd3 26. Qa1 Re6 27.
Rd1 Qf5 28. d5 Rg6 29. Nh4 Rxg2+ 30. Nxg2 Ne5 31. Kh1 Qh3 32. Kg1 Nf3+ 33. Kf1
Qxh2 34. Ne1 Nxe1 35. Rxe1 Qh1+ 36. Ke2 Re8+ 37. Kd2 Rxe1 38. Qxe1 Qxe1+ 39.
Kxe1 f5 40. c4 Kf7 41. Kd2 Kf6 42. Kc3 Ke5 43. Kd3 Kf4 44. Kd4 h5 45. c5 h4 46.
d6 cxd6 47. cxd6 h3 48. d7 h2 49. d8=Q h1=Q 50. Qd6+ Kg4 51. Qg6+ Kf4 52. Qd6+
Kg5 53. Qe7+ Kg6 54. Qe6+ Kh7 55. Qxf5+ Kg8 56. Qc8+ Kh7 1/2-1/2

6. Qc8+ Kh7 1/2-1/2

[Event "Tournoi Skype 032A"]
[Site "Skype"]
[Date "????.??.??"]
[Round "8.24"]
[White "Lopes, Marcia Maria"]
[Black "Nicolini, Francesco"]
[Result "1/2-1/2"]
[WhiteElo "1579"]
[BlackElo "1666"]
[PlyCount "53"]

1. d4 Nf6 2. Bf4 d6 3. Nc3 g6 4. e4 Bg7 5. Qd2 O-O 6. O-O-O Nbd7 7. f3 c5 8.
dxc5 Nxc5 9. e5 Nh5 10. Bh6 Qa5 11. Bxg7 Nxg7 12. exd6 Rd8 13. Kb1 Rxd6 14. Nd5
Qxd2 15. Rxd2 Nf5 16. Nxe7+ Kf8 17. Rxd6 Nxd6 18. Nd5 Be6 19. Nc7 Rc8 20. Nxe6+
Nxe6 21. c3 Re8 22. Ne2 Nc4 23. Ng3 Ne3 24. Ne4 Rd8 25. Be2 Nxg2 26. Rd1 Rxd1+
27. Bxd1 1/2-1/2

[Event "Tournoi Skype 032A"]
[Site "Skype"]
[Date "????.??.??"]
[Round "8.25"]
[White "L'Herbon De Lussats, Jean"]
[Black "Munoz Gonzalez, Martin"]
[Result "1/2-1/2"]
[WhiteElo "1493"]
[BlackElo "1658"]
[PlyCount "54"]

1. d4 f5 2. c4 Nf6 3. Nc3 e6 4. g3 c6 5. Bg2 d5 6. c5 Be7 7. Nf3 O-O 8. O-O Bd7
9. Ne5 Be8 10. b4 Bh5 11. a4 Nfd7 12. f4 Nxe5 13. fxe5 Nd7 14. b5 Rb8 15. a5 a6
16. b6 Qe8 17. Bf4 g5 18. Be3 Qg6 19. Qd2 Rf7 20. Rf2 Rbf8 21. Raf1 Rg7 22. Qc1
Qe8 23. h4 Qg6 24. Bh3 h6 25. Kh2 Kh7 26. Rg1 g4 27. Bf1 Bxh4 1/2-1/2

[Event "Tournoi Skype 032A"]
[Site "Skype"]
[Date "????.??.??"]
[Round "8.26"]
[White "Pasasin, Alejandro"]
[Black "Aceituno, Stebe"]
[Result "1-0"]
[WhiteElo "1576"]
[BlackElo "1641"]
[PlyCount "85"]

1. e4 c5 2. Nf3 d6 3. d4 cxd4 4. Nxd4 Nf6 5. Nc3 a6 6. Bg5 e6 7. f4 Be7 8. Qf3
Qc7 9. O-O-O Bd7 10. g4 e5 11. fxe5 Bxg4 12. Nd5 Bxf3 13. Nxc7+ Kf8 14. Nxa8
Bxh1 15. Bd3 Bf3 16. Nxf3 Bd8 17. Bh4 h6 18. Bf2 Ng4 19. Bg1 Nxe5 20. Nxe5 Ke7
21. Nf3 Ba5 22. Nb6 Nc6 23. Nd5+ Kd7 24. c3 Re8 25. Bc2 b5 26. Nb6+ Kc7 27.
Nd5+ Kd7 28. h4 Ke6 29. Bh2 f5 30. exf5+ Kd7 31. Re1 Ne5 32. Nxe5+ dxe5 33.
Rxe5 Rxe5 34. Bxe5 Kc6 35. Ne7+ Kd7 36. Ng6 Ke8 37. Bxg7 Kf7 38. Bxh6 Kf6 39.
Kd2 Bd8 40. Bf4 Kg7 41. h5 b4 42. cxb4 Bf6 43. b3 1-0

[Event "Tournoi Skype 032A"]
[Site "Skype"]
[Date "????.??.??"]
[Round "8.27"]
[White "Hague, Mark"]
[Black "Bourdeau, Yvan"]
[Result "1/2-1/2"]
[WhiteElo "1582"]
[BlackElo "1740"]
[PlyCount "61"]

1. d4 Nf6 2. e3 c5 3. c3 cxd4 4. cxd4 d5 5. Bd3 e6 6. f4 Be7 7. Nf3 Nc6 8. a3
a6 9. Nbd2 Bd7 10. Ne5 O-O 11. O-O Rc8 12. Ndf3 Na7 13. Bd2 Qb6 14. b4 Bb5 15.
Qe2 Bxd3 16. Qxd3 Qb5 17. Qb1 Ne4 18. a4 Qe8 19. Qe1 f6 20. Nd3 Rc2 21. Nc5
Nxd2 22. Nxd2 Qc8 23. a5 Nb5 24. Ndb3 Nd6 25. Qb1 Re2 26. Re1 Rxe1+ 27. Qxe1
Nc4 28. Kf2 Bd8 29. Qc3 Re8 30. Kf3 Bc7 31. g3 1/2-1/2

[Event "Tournoi Skype 032A"]
[Site "Skype"]
[Date "????.??.??"]
[Round "8.28"]
[White "Vasquez Cienfuegos, Oscar"]
[Black "Galani, Mahendra"]
[Result "1-0"]
[WhiteElo "1651"]
[BlackElo "1572"]
[PlyCount "123"]

1. Nf3 d5 2. d4 Nd7 3. g3 c6 4. Bg2 Ngf6 5. Nbd2 Qc7 6. O-O e5 7. dxe5 Nxe5 8.
Re1 Bd6 9. c3 O-O 10. Qc2 Ng6 11. e4 dxe4 12. Nxe4 Be7 13. Bg5 Nd5 14. c4 Nb4
15. Qe2 Be6 16. a3 Na6 17. Bxe7 Qxe7 18. Neg5 Nc7 19. Bh3 h6 20. Nxe6 Nxe6 21.
Bf5 Qf6 22. Bxe6 Rfe8 23. Bxf7+ Qxf7 24. Qd3 Rad8 25. Rxe8+ Rxe8 26. Re1 Rf8
27. Kg2 Qf6 28. Qe2 Kh7 29. h4 Qf5 30. Qe4 Qxe4 31. Rxe4 Rf5 32. Rd4 Rf7 33. h5
Nf8 34. b4 Ne6 35. Re4 Rf6 36. g4 b6 37. Ne5 c5 38. Kg3 Nd4 39. f4 Nc2 40. bxc5
bxc5 41. Nd7 Rc6 42. a4 a5 43. Re5 Na3 44. Rxc5 Rd6 45. Rd5 Nxc4 46. Rxd6 Nxd6
47. Nc5 Kg8 48. Kf3 Kf7 49. g5 hxg5 50. fxg5 Nf5 51. Kf4 Ne7 52. g6+ Kg8 53.
Nb3 Nc6 54. Kg5 Kh8 55. h6 gxh6+ 56. Kxh6 Kg8 57. Nc5 Ne5 58. Ne4 Ng4+ 59. Kg5
Ne5 60. Nf6+ Kg7 61. Nh5+ Kg8 62. Kf6 1-0

[Event "Tournoi Skype 032A"]
[Site "Skype"]
[Date "????.??.??"]
[Round "8.29"]
[White "Sosa, Juan Carlos"]
[Black "Junqueira, Leonardo De Faria"]
[Result "1-0"]
[WhiteElo "1569"]
[BlackElo "1645"]
[PlyCount "75"]

1. d4 Nf6 2. Bf4 d6 3. Nf3 Nc6 4. Nc3 Bg4 5. h3 Bh5 6. a3 a6 7. e4 e5 8. dxe5
Nxe5 9. Bxe5 Bxf3 10. Qxf3 dxe5 11. Bc4 Bd6 12. O-O O-O 13. Nd5 Nxd5 14. Bxd5
c6 15. Ba2 Qb6 16. b4 Be7 17. Rad1 Rad8 18. Qf5 Bf6 19. Rd3 Rxd3 20. cxd3 Qd4
21. Qf3 Rd8 22. Rd1 Qb2 23. Bc4 Qxa3 24. Qh5 g6 25. Qf3 Kg7 26. Rb1 b5 27. Bb3
Rd4 28. Qd1 Rxb4 29. Ba2 Rxb1 30. Qxb1 Qc3 31. Bb3 a5 32. Qa2 a4 33. Bxf7 Qxd3
34. Bg8 Qd7 35. Be6 Qd4 36. Bg8 Qd7 37. Be6 Bh4 38. Bxd7 1-0

[Event "Tournoi Skype 032A"]
[Site "Skype"]
[Date "????.??.??"]
[Round "8.30"]
[White "Ramirez Reina, Orlando"]
[Black "De Fazio, Monica"]
[Result "1-0"]
[WhiteElo "1567"]
[BlackElo "1603"]
[PlyCount "87"]

1. e4 e6 2. a3 d5 3. exd5 exd5 4. d4 c6 5. c4 Nf6 6. Nc3 Be7 7. Bd3 O-O 8. Nf3
Be6 9. h4 Nbd7 10. cxd5 cxd5 11. Bg5 h6 12. Kf1 Nb6 13. b3 Rc8 14. Bxf6 Bxf6
15. Rc1 Bg4 16. Be2 Bxf3 17. Bxf3 Qd7 18. g3 Rfd8 19. Bg4 Qe7 20. Bxc8 Rxc8 21.
Qd3 Qxa3 22. Rb1 Qb4 23. Na2 Qxd4 24. Qxd4 Bxd4 25. Rd1 Bc5 26. b4 Be7 27. Ke2
Rc2+ 28. Rd2 Rxd2+ 29. Kxd2 Nc4+ 30. Kc3 Bf6+ 31. Kc2 Bd4 32. Rf1 Kf8 33. Nc3
Nb6 34. Nb5 Be5 35. f4 Bb8 36. Rd1 Ke7 37. Re1+ Kd7 38. Kd3 Kc6 39. Nd4+ Kd6
40. Nf5+ Kc6 41. Nxg7 Bd6 42. Rb1 Kb5 43. Nf5 f6 44. Nxd6+ 1-0

[Event "Tournoi Skype 032A"]
[Site "Skype"]
[Date "????.??.??"]
[Round "8.31"]
[White "Le Brun, Yves"]
[Black "Davis, Michael"]
[Result "0-1"]
[WhiteElo "1601"]
[BlackElo "1590"]
[PlyCount "74"]

1. d4 d5 2. Nf3 Nf6 3. Bf4 Bf5 4. Nh4 Qd7 5. Nxf5 Qxf5 6. e3 c6 7. Bd3 Qc8 8.
Nd2 Nbd7 9. Qf3 e6 10. h3 a6 11. g4 h6 12. Qg2 g5 13. Bg3 c5 14. c3 c4 15. Bc2
Qc6 16. f4 Bd6 17. fxg5 Bxg3+ 18. Qxg3 hxg5 19. Nf3 Rg8 20. O-O-O b5 21. Ne5
Nxe5 22. Qxe5 Nd7 23. Qg3 Ke7 24. Rdf1 Raf8 25. h4 Qd6 26. Qg2 gxh4 27. Rxh4
Nf6 28. g5 Ne4 29. Bxe4 dxe4 30. Rxe4 Qd5 31. Rff4 Kd7 32. Qf3 f5 33. gxf6 Rg1+
34. Kd2 Rh8 35. Qf2 Rhh1 36. f7 Qh5 37. f8=Q Qd1# 0-1

[Event "Tournoi Skype 032A"]
[Site "Skype"]
[Date "????.??.??"]
[Round "9.6"]
[White "Deville, Olivier"]
[Black "Khetre, Gaurav"]
[Result "1-0"]
[WhiteElo "1863"]
[BlackElo "1701"]
[PlyCount "89"]

1. d4 d5 2. c4 c6 3. Nf3 Nf6 4. Qc2 g6 5. Bf4 Bg7 6. e3 O-O 7. Bd3 Na6 8. a3
Nc7 9. O-O Bd7 10. cxd5 Ncxd5 11. Be5 Ng4 12. Bxg7 Kxg7 13. Nc3 Ndf6 14. b4 a6
15. Na4 Nh6 16. h3 Bf5 17. e4 Be6 18. Nc5 Bc8 19. Rfd1 b6 20. Na4 Bb7 21. Rac1
Rc8 22. Qb2 Kg8 23. g4 g5 24. Qd2 Kh8 25. Qxg5 Nhg8 26. Qe5 Qd6 27. Qxd6 exd6
28. Nxb6 Rc7 29. Nc4 d5 30. exd5 cxd5 31. Na5 Rxc1 32. Rxc1 Rc8 33. Rxc8 Bxc8
34. Nb3 Nd7 35. Nc5 Nb8 36. Ne5 Kg7 37. f4 Ne7 38. Kf2 f6 39. Nf3 Nec6 40. Ke3
a5 41. b5 Nd8 42. Nd2 Nf7 43. Ndb3 a4 44. Nxa4 Nd6 45. Nac5 1-0